000 00866nas a2200289 4500
001 BR0808386
003 BR-BrBNA
005 20231205112833.0
007 ta
008 230509b bl.|||p| |||| 00| 00por d
040 _aBR-BrBNA
_bpor
_cBiblioteca Nacional de Agricultura
041 _a(Pt)
072 _aF03
100 1 _aCorrêa, B.O.
100 1 _aTamanini, R.H.V. de S.
100 1 _aSampaio, T.G.
100 1 _aSarmento, M.B.
100 1 _aSampaio, N.V
245 1 _aTestes de vigor em sementes de cebola (Allium cepa L.)para uso em laboratórios de análises de sementes
650 _aSEMENTE
650 _aCEBOLA
650 _aVARIEDADE
650 _aLABORATÓRIO
773 0 _tRevista Científica Rural (Brazil)
_xISSN 1413-8263
_g(2007), v. 12(1) p. 107-113
_wBR0808386
909 _a202311
_bLúcia
_c55
_dLúcia Elande
942 _2AGRIS
_n0
_cANA
999 _c200298
_d200298